000 00624nam a2200229Ia 4500
003 OSt
005 20220923230203.0
006 a|||||r|||| 00| 0
007 ta
008 Pun
024 _a278,171
037 _cTextual
040 _aARTS
_cARTS
_bPun
041 _2Pun
_aPun
082 _aO153,1:g, N9
100 _aਸਿੰਘ, ਗੁਰਇਕਬਾਲ
_9156272
245 0 _aਨਕਸਲੀ ਪੰਜਾਬੀ ਕਵਿਤਾ
260 _c1999
650 _aਪੰਜਾਬੀ ਸਾਹਿਤ
942 _hO153,1:g, N9
_cTEXL
_2CC
999 _c383128
_d383128